Sử dụng vôi và chế phẩm sinh học EM để giảm lượng khí H2S sinh ra trong quá trình ủ bã bùn mía : Luận văn Thạc sĩ. Chuyên ngành Quản lý môi trường
Đề tài nghiên cứu xác định liều lượng vôi và phương pháp ủ bã bùn mía với vôi để giảm lượng khí H2S thải ra môi trường. Xác định liều lượng chế phẩm EM và phương pháp ủ bã bùn mía với EM để giảm lượng khí H2S thải ra môi trường....
Gardado en:
| Autor Principal: | |
|---|---|
| Formato: | Libro |
| Idioma: | Undetermined |
| Publicado: |
Cần Thơ
Trường Đại học Cần Thơ
2012
|
| Những chủ đề: | |
| Các nhãn: |
Engadir etiqueta
Sen Etiquetas, Sexa o primeiro en etiquetar este rexistro!
|
| Thư viện lưu trữ: | Trung tâm Học liệu Trường Đại học Cần Thơ |
|---|
| LEADER | 01406nam a2200229Ia 4500 | ||
|---|---|---|---|
| 001 | CTU_178836 | ||
| 008 | 210402s9999 xx 000 0 und d | ||
| 082 | |a 631.41 | ||
| 082 | |b L312 | ||
| 088 | |a 60850101 | ||
| 100 | |a Nguyễn, Thị Thùy Linh | ||
| 245 | 0 | |a Sử dụng vôi và chế phẩm sinh học EM để giảm lượng khí H2S sinh ra trong quá trình ủ bã bùn mía : | |
| 245 | 0 | |b Luận văn Thạc sĩ. Chuyên ngành Quản lý môi trường | |
| 245 | 0 | |c Nguyễn Thị Thùy Linh ; Nguyễn Văn Bé (Hướng dẫn Khoa học) | |
| 260 | |a Cần Thơ | ||
| 260 | |b Trường Đại học Cần Thơ | ||
| 260 | |c 2012 | ||
| 520 | |a Đề tài nghiên cứu xác định liều lượng vôi và phương pháp ủ bã bùn mía với vôi để giảm lượng khí H2S thải ra môi trường. Xác định liều lượng chế phẩm EM và phương pháp ủ bã bùn mía với EM để giảm lượng khí H2S thải ra môi trường. | ||
| 650 | |a Soils,Soil microbiology,Sugarcane,Environmental management,Đất,Vi sinh vật đất,Cây mía,Quản lý môi trường | ||
| 650 | |x Organic compound content,Hàm lượng chất hữu cơ | ||
| 904 | |i Năm | ||
| 980 | |a Trung tâm Học liệu Trường Đại học Cần Thơ | ||